Statistics for Top 10 Countries with the Most Moose

Click here to take the quiz!

General Stats

  • This quiz has been taken 393 times
  • The average score is 8 of 10

Answer Stats

No. Moose (Thousands) Country % Correct
500-1000 (1 million)Canada
97%
730Russia
94%
300United States of America
94%
300-400Sweden
92%
120Norway
90%
115Finland
88%
13.3Estonia
63%
2.8Poland
59%
21Latvia
58%
0.05 (50 Individuals)Czech Republic
18%

Score Distribution

Percentile by Number Answered

Percent of People with Each Score

Your Score History

You have not taken this quiz